Statistics for Lord of the Rings by letter - O

Click here to take the quiz!

General Stats

  • This quiz has been taken 635 times
  • The average score is 4 of 6

Answer Stats

HintAnswer% Correct
The Army of Sauron consists mostly of these beingsOrcs
98%
The Tower of SarumanOrthanc
88%
Former Capital of GondorOsgiliath
78%
An other name for Mount DoomOrodruin
66%
Tom Bombadil saves the Hobbits from being 'swallowed' by this treeOld Man Willow
61%
An other name for the Mumak of the HaradrimOliphaunts
57%

Score Distribution

Percentile by Number Answered

Percent of People with Each Score

Your Score History

You have not taken this quiz